Vista normal
Vista MARC
Entrada Materia (personas)
Número de registros utilizados en: 1
001 - CONTROL NUMBER
- control field: 73197
003 - CONTROL NUMBER IDENTIFIER
- control field: Co-BoUCM
005 - DATE AND TIME OF LATEST TRANSACTION
- control field: 20151105122608.0
008 - FIXED-LENGTH DATA ELEMENTS
- fixed length control field: 151105|| aca||aabn | a|a d
040 ## - CATALOGING SOURCE
- Original cataloging agency: Co-BoUCM
- Transcribing agency: Co-BoUCM
100 ## - HEADING--PERSONAL NAME
- Personal name: Lynch, Marc
- Dates associated with a name: 1969-
670 ## - SOURCE DATA FOUND
- Source citation: Work cat.: (Co-BoUCM)301632: Lynch, Marc 1969-, State interests and public spheres , 1999